00302nam a2200109Ia 4500082002500000100002300025245003500048260004000083300001400123710002800137710002700165 aRR 016.327091724 NON aTandon, J.C. comp. 0aNon-alignment : A bibliography aNew DelhibLancers Publishersc1983 avi, 116p. aMulley, Regina jt. comp aBatra, Sunita jt. comp